000 00481nam a2200193 a 4500
001 1772446938451
003 YourLibrary
005 20260302155321.0
008 260302s2003##################000#0#eng##
020 _a9780141007557
082 0 4 _a327
_bBOB
100 1 _aBobbitt, Philip,
_eauthor.
245 1 0 _aThe Shield of Achilles :
260 _bePenguin,
_c2003.
300 _a968 pages
650 0 _aHistory.
942 _cENGLISH
040 _aYourLibrary
_beng
_cYourLibrary
999 _c616520
_d616520